| 000 | 00706na a2200229 4500 | ||
|---|---|---|---|
| 001 | 19077 | ||
| 003 | MIRAKIL | ||
| 005 | 20181213155141.0 | ||
| 008 | 170125b tu 000 0 | ||
| 040 |
_aMilas _btur _cTR-AnCHP |
||
| 041 | _atur | ||
| 082 |
_a353.0313 _bT96b 1994 |
||
| 090 | _a353.0313 T96b 1994 | ||
| 100 | _aÇiller, Tansu | ||
| 130 | _aT.C. Başbakanlık | ||
| 245 |
_aBaşbakan Tansu Çiller'in hükümet çalışmalarıyla ilgili değerlendirmeleri _cTansu Çiller |
||
| 260 |
_aAnkara _bBaşbakanlık Basın Merkezi _c1994 |
||
| 300 |
_a89, 10 s. _btbl. _c20 sm. |
||
| 600 |
_aÇiller, Tansu _xKonuşmalar |
||
| 650 |
_aHükümet programları _xDeğerlendirmeler |
||
| 942 |
_2dcc _cBKS |
||
| 999 |
_c7510 _d7510 |
||